[Event "CAN-ch op"]
[Site "Sackville"]
[Date "2001.07.15"]
[Round "10"]
[White "Tremblay, Brent"]
[Black "Gustafson, Dale L"]
[Result "0-1"]
[WhiteElo "1634"]
[BlackElo "1860"]
[PlyCount "54"]
[EventDate "2001.07.??"]
[EventType "swiss"]
[EventRounds "10"]
[EventCountry "CAN"]
[SourceTitle "EXT 2006"]
[Source "ChessBase"]
[SourceDate "2005.11.24"]
[SourceVersion "1"]
[SourceVersionDate "2005.11.24"]
[SourceQuality "1"]

1. e4 e6 2. Qe2 Ne7 3. Nc3 d5 4. d4 dxe4 5. Be3 Nf5 6. 0-0-0 Bd6 7. Nxe4 0-0 8. g4 Nxe3 9. fxe3 b6 10. Bg2 Bb7 11. g5 Nd7 12. h4 a5 13. Nh3 Ra7 14. Rhg1 Qa8 15. Qg4 a4 16. Nf6+ Nxf6 17. gxf6 g6 18. Qg5 Kh8 19. h5 Rg8 20. Bxb7 Qxb7 21. hxg6 Rxg6 22. Qh4 c5 23. Ng5 h6 24. Nxe6 Kh7 25. Rxg6 fxg6 26. Rh1 h5 27. Rg1 Qf7 0-1